000 00654nam a2200241Ia 4500
003 OSt
005 20220924140825.0
006 a|||||r|||| 00| 0
007 ta
008 220923b |||||||| |||| 00| 0 ben d
024 _a296292
037 _cTextual
040 _aARTS
_cARTS
_bben
041 _2ben
_aben
082 _aO157,4M88x, K4
100 _aKhan Azharuddin Ed.
_9211615
245 0 _aMohitlaler patraguccha
260 _c1964
650 _aBENGALI LITERATURE
700 _a Datta Bhabatosh Ed.
_9209097
942 _hO157,4M88x, K4
_cTEXL
_2CC
999 _c445413
_d445413